<?xml version="1.0" encoding="UTF-8"?>
<marc:record xmlns:marc="http://www.loc.gov/MARC21/slim">
   <marc:leader>00000nam a2200000 a 4500</marc:leader>
   <marc:datafield ind1="1" ind2=" " tag="100">
      <marc:subfield code="a">Caracena, Luis de Benavides Carrillo y Toledo</marc:subfield>
   </marc:datafield>
   <marc:datafield ind1="1" ind2=" " tag="100">
      <marc:subfield code="a">Fischer, Johann Christian</marc:subfield>
   </marc:datafield>
   <marc:datafield ind1="1" ind2=" " tag="100">
      <marc:subfield code="a">Reusch, Johann Peter</marc:subfield>
   </marc:datafield>
   <marc:datafield ind1="0" ind2="0" tag="245">
      <marc:subfield code="a">Eam Ex Consideratione Providentiae Divinae Perhibens Atque Exponens</marc:subfield>
   </marc:datafield>
   <marc:datafield ind1=" " ind2="1" tag="264">
      <marc:subfield code="c">1741</marc:subfield>
   </marc:datafield>
   <marc:datafield ind1=" " ind2=" " tag="250">
      <marc:subfield code="a">Tertia Vice Locupletiorem Edidit Cum Praefatione / Ioannis Petri Reuschii P. P. O. In Acad. Ien. Io. Christianus Fischerus Ph. M. Et Ord. Phil. Huius Academiae, Atque Soc. Lat. Adscr.</marc:subfield>
   </marc:datafield>
   <marc:datafield ind1="1" ind2=" " tag="520">
      <marc:subfield code="a">Druckermarke am Titelbl. http://zentralbibliothek.kapuziner.at/kupferstiche/provinzbibliothek/IMG_2237.jpg, Zierkupferstiche, Verzierungen und Zierinitialen im Text, brauner, schwarz gesprenkelter Ganzledereinband auf Pappdeckeln, Buchrücken mit 5 Bünden, schwarzen Linienverzierungen ober- und unterhalb der Bünde und Titelschild "SARASA || ARS SEMPER || GRVDENDI, || PARS. I." in schwarzen Lettern, rote Schnittkante.</marc:subfield>
   </marc:datafield>
   <marc:datafield ind1=" " ind2=" " tag="500">
      <marc:subfield code="a">Titelbl. in Rot- und Schwarzdr.</marc:subfield>
   </marc:datafield>
   <marc:datafield ind1="0" ind2=" " tag="490">
      <marc:subfield code="v">1.</marc:subfield>
   </marc:datafield>
   <marc:datafield ind1=" " ind2=" " tag="300">
      <marc:subfield code="a">[2] Bl., S. 41 - 56, [14] Bl., 274 S., [7] Bl.</marc:subfield>
   </marc:datafield>
</marc:record>
